000 00631nam a2200217 a 4500
999 _c5389
_d5389
001 5389
003 BD-JhCC
005 20180303125200.0
008 171213s1982 bg a|||| ||a| 00| 0 ben d
035 _a(BD-JhCC)5389
040 _aBD-JhCC
_dBD-JhCC
041 _aben
082 _a610.9
_bPRA 1982
100 _aপ্রধান, মনীশ
245 _aআবিষ্কারের পিছনে /
_cমনীশ প্রধান
260 _aকলকাতা :
_bস্বপ্নদীপ,
_c1982.
300 _a199 p. :
_c22 cm.
_billu;
650 _aHistory of Medicine
942 _2ddc
_cBK